000 00574nam a2200205Ia 4500
003 GCL
008 140319s9999 xx 000 0 ara d
040 _aGCL /
_cGCL
082 0 4 _a810.9
_bط م
100 1 _aطه حسين
245 1 0 _aمراة الاسلام /
_cطه حسين
260 _aالقاهرة :
_bدار المعارف ،
_c1989
300 _a267 ص ؛
_c20 سم
490 _a
650 0 4 _aالادب العربى
650 0 4 _aالاسلام
650 0 4 _aالنثر العربى
650 0 4 _aالحضارة الاسلامية
942 _2ddc
_cBK
999 _c56032
_d56032